Pays ayant été colonisés par l'Italie - Statistiques

Statistiques générales
  • Ce quiz a été pris 116 fois
  • Le résultat moyen est 11 sur 18
Réponses sur la Carte
Les réponses sont colorées sur une échelle allant du rouge au vert en fonction du pourcentage des utilisateurs qui les ont devinées à leur premier essai. Vous pouvez retrouver ces pourcentages ci-dessous.
 
Statistiques - réponses
Réponse % Correct
Libye
84%
France
81%
Grèce
70%
Tunisie
69%
Égypte
66%
Éthiopie
66%
Italie
66%
Albanie
65%
Croatie
65%
Érythrée
65%
Slovénie
64%
Somalie
64%
Monténégro
62%
Serbie
62%
Bosnie-Herzégovine
60%
Kosovo
58%
Macédoine du Nord
57%
Chine
19%
Aucun quiz correspondant
Distribution des résultats
% des personnes avec chaque résultat
Percentile par nombre de réponses
Votre historique - résultats
Vous n’avez pas pris ce quiz